[Event "135th YMCA Winter B"]
[Site "Warszawa"]
[Date "2014.01.24"]
[Round "1"]
[White "Gluszko, Monika"]
[Black "Praczukowski, Stanislaw"]
[Result "0-1"]
[WhiteElo "1900"]
[BlackElo "1902"]
[Annotator "Admin"]
[PlyCount "176"]
[EventDate "2014.01.08"]
[EventType "tourn"]
[EventRounds "1"]
[EventCountry "POL"]
[SourceDate "2014.01.08"]

1. e4 c5 2. Nf3 d6 3. Bd3 Nc6 4. c3 Qc7 5. O-O Bg4 6. a4 g6 7. Na3 Rc8 8. Nc4
Bg7 9. Re1 e5 10. Ne3 Nf6 11. Bc4 O-O $11 12. Nxg4 Nxg4 13. Ng5 Nf6 14. Qf3 h6
15. Nh3 g5 16. d3 g4 17. Qg3 Qd7 18. Kh1 gxh3 19. gxh3 Nh5 20. Qh4 Nf4 21. Bxf4
exf4 22. Rg1 Kh7 23. Qxf4 Ne5 24. Bb5 Qe6 25. d4 cxd4 26. cxd4 Ng6 27. Qe3 Qf6
28. Rad1 Qf4 29. Qe2 Rg8 30. Rg4 Qf6 31. Bd7 Rc7 32. Bf5 Kh8 33. Rg3 d5 34.
Bxg6 fxg6 35. e5 Qf5 36. Rf3 Rc2 37. Rxf5 Rxe2 38. Rf7 Rxb2 39. Rd7 Rf8 40. e6
Re2 41. e7 Re8 42. Rxb7 R8xe7 43. Rb5 Re1+ 44. Rxe1 Rxe1+ 45. Kg2 Bxd4 46. Rxd5
Bg7 47. Rd8+ Kh7 48. Rd7 h5 49. Rxa7 Kh6 50. a5 Re2 51. Rb7 Ra2 52. Rd7 Rxa5
53. Rd2 Ra3 54. Rc2 Rb3 55. Rd2 Kg5 56. Re2 Kf5 57. Ra2 Be5 58. Ra8 Rb2 59.
Rf8+ Ke6 60. Re8+ Kf6 61. Rf8+ Ke7 62. Rg8 Kf7 63. Rd8 Rb6 64. Rd2 Rd6 65. Ra2
Rd3 66. Rc2 Ke6 67. Ra2 Kf5 68. Ra8 Rd6 69. Ra4 Bd4 70. Ra5+ Ke4 71. Ra8 Rf6
72. Ra2 Kd3 73. Kg3 Bc3 74. Kg2 h4 75. Ra4 g5 76. Ra2 Rf5 77. Ra8 Ke2 78. Re8+
Be5 79. Kg1 Kf3 80. Ra8 Bc3 81. Ra3 Rc5 82. Rb3 Ke2 83. Kg2 Bd4 84. Rf3 Re5 85.
Rf8 Ke1 86. f4 Re2+ 87. Kh1 g4 88. Rd8 Kf2 0-1

[Event "135th YMCA Winter B"]
[Site "Warszawa"]
[Date "2014.01.10"]
[Round "1"]
[White "Gajewski, Dariusz"]
[Black "Barc, Michal"]
[Result "1/2-1/2"]
[WhiteElo "1986"]
[BlackElo "1849"]
[Annotator "Admin"]
[PlyCount "54"]
[EventDate "2014.01.08"]
[EventType "tourn"]
[EventRounds "1"]
[EventCountry "POL"]
[SourceDate "2014.01.08"]

1. e4 d6 2. d4 Nf6 3. Nc3 c6 4. Be3 g6 5. f3 Bg7 6. Qd2 O-O 7. O-O-O Qa5 8. Kb1
Re8 9. g4 b5 10. h4 b4 11. Nce2 Be6 12. Nc1 c5 13. Nb3 Bxb3 14. cxb3 cxd4 15.
Bxd4 Nc6 16. Be3 Qe5 17. Bf4 Qa5 18. h5 Red8 19. Bc4 Ne5 20. hxg6 hxg6 21. Bxe5
dxe5 22. Qe2 Rxd1+ 23. Qxd1 Rd8 24. Qe2 Qc5 25. Nh3 Qd4 26. Nf2 Rd6 27. Rd1 Qb6
$11 1/2-1/2

[Event "135th YMCA Winter B"]
[Site "Warszawa"]
[Date "2014.01.08"]
[Round "1"]
[White "Kosny, Marek"]
[Black "Safanowski, Tomasz"]
[Result "1/2-1/2"]
[WhiteElo "1964"]
[BlackElo "1928"]
[Annotator "Admin"]
[PlyCount "86"]
[EventDate "2014.01.08"]
[EventType "tourn"]
[EventRounds "1"]
[EventCountry "POL"]
[SourceDate "2014.01.08"]

1. Nf3 d6 2. c4 Nf6 3. Nc3 e5 4. g3 Be6 5. Bg2 c6 6. b3 g6 7. O-O Bg7 8. d4 O-O
9. dxe5 dxe5 10. Ba3 Re8 11. Qxd8 Rxd8 12. Rad1 Na6 13. Nxe5 Ng4 14. Nxg4 Bxc3
15. h3 h5 16. Nh2 Nb4 17. Bxb4 Bxb4 18. Nf3 Bc3 19. Ng5 Bf5 20. Be4 Bf6 21.
Bxf5 Bxg5 22. Be4 a5 23. Kg2 Bd2 24. Bd3 Bc3 25. Kf3 a4 26. Rb1 a3 27. Rbd1 Rd6
28. Bc2 Rad8 29. Rxd6 Rxd6 30. Rd1 Rxd1 $11 31. Bxd1 b5 32. cxb5 cxb5 33. Ke3
Be1 34. g4 hxg4 35. hxg4 f6 36. f4 Kf7 37. Kd4 Bd2 38. f5 g5 39. e4 b4 40. Kd5
Bc3 41. Be2 Ke7 42. Bb5 Be5 43. Kc6 Bc3 1/2-1/2

[Event "135th YMCA Winter B"]
[Site "Warszawa"]
[Date "2014.01.21"]
[Round "1"]
[White "Pastuszko, Kinga"]
[Black "Melchers, Damian"]
[Result "1/2-1/2"]
[WhiteElo "1887"]
[BlackElo "1952"]
[Annotator "Admin"]
[PlyCount "41"]
[EventDate "2014.01.08"]
[EventType "tourn"]
[EventRounds "1"]
[EventCountry "POL"]
[SourceDate "2014.01.08"]

1. e4 c6 2. d4 d5 3. Nd2 dxe4 4. Nxe4 Bf5 5. Ng3 Bg6 6. Nf3 Nf6 7. Bd3 Bxd3 8.
Qxd3 e6 9. O-O Be7 10. c3 Nbd7 11. Bf4 O-O 12. Ne4 Qb6 13. Bd6 Bxd6 14. Nxd6 c5
15. Nc4 Qc7 16. Rad1 Rfd8 17. dxc5 Nxc5 18. Qc2 h6 19. h3 Nce4 20. Ne3 Rac8 21.
Rd4 $11 1/2-1/2

[Event "135th YMCA Winter B"]
[Site "Warszawa"]
[Date "2014.01.08"]
[Round "1"]
[White "Rusin, Ryszard"]
[Black "Sujkowski, Pawel"]
[Result "1/2-1/2"]
[WhiteElo "1840"]
[BlackElo "1975"]
[Annotator "Admin"]
[PlyCount "38"]
[EventDate "2014.01.08"]
[EventType "tourn"]
[EventRounds "1"]
[EventCountry "POL"]
[SourceDate "2014.01.08"]

1. d4 Nf6 2. c4 c5 3. Nf3 g6 4. Nc3 Bg7 5. e3 O-O 6. Be2 cxd4 7. Nxd4 Nc6 8.
O-O d6 9. Nxc6 bxc6 10. e4 Rb8 11. Rb1 Nd7 12. Qc2 Nc5 13. b4 Ne6 14. Be3 Nd4
15. Qd2 Nxe2+ 16. Nxe2 Qc7 17. Rfc1 Rd8 18. Ng3 a6 19. a4 Qb7 $11 1/2-1/2

[Event "135th YMCA Winter B"]
[Site "Warszawa"]
[Date "2014.01.20"]
[Round "1"]
[White "Rozowski, Marcin"]
[Black "Sawicki, Wojciech"]
[Result "0-1"]
[WhiteElo "1894"]
[BlackElo "1850"]
[PlyCount "30"]
[EventDate "2014.01.08"]
[EventType "tourn"]
[EventRounds "1"]
[EventCountry "POL"]
[SourceDate "2014.01.08"]

1. e4 e5 2. Nf3 Nc6 3. Bb5 f5 4. Nc3 fxe4 5. Nxe4 Nf6 6. Qe2 d5 7. Nxf6+ gxf6
8. d4 Bg7 9. dxe5 O-O 10. Bxc6 bxc6 11. exf6 Qxf6 12. O-O Bg4 13. c3 Qg6 14.
Kh1 Qh5 15. Qe3 Rxf3 0-1

[Event "135th YMCA Winter B"]
[Site "Warszawa"]
[Date "2014.01.15"]
[Round "2"]
[White "Grabowicz, Marcin"]
[Black "Sawicki, Wojciech"]
[Result "1-0"]
[WhiteElo "1872"]
[BlackElo "1850"]
[PlyCount "73"]
[EventDate "2014.01.08"]
[EventType "tourn"]
[EventRounds "1"]
[EventCountry "POL"]
[SourceDate "2014.01.08"]

1. e4 e5 2. Nf3 Nc6 3. Bc4 Nf6 4. d4 exd4 5. O-O Nxe4 6. Re1 d5 7. Bxd5 Qxd5 8.
Nc3 Qa5 9. Nxe4 Be6 10. Bd2 Bb4 11. Nxd4 Nxd4 12. c3 Be7 13. cxd4 Qf5 14. Bb4
Bxb4 15. Qa4+ b5 16. Qxb4 a5 17. Qa3 b4 18. Qg3 O-O 19. Rac1 Bxa2 20. Rc5 Bd5
21. Rxd5 Qe6 22. Re5 Qb6 23. Nc5 Rfd8 24. Qe3 h6 25. b3 Rab8 26. g4 Qd6 27. h4
Qxd4 28. Re8+ Rxe8 29. Qxd4 Rxe1+ 30. Kg2 Rbe8 31. g5 hxg5 32. hxg5 R1e5 33. f4
Re2+ 34. Kf3 Re1 35. g6 fxg6 36. Nd3 Rf8 37. Nxe1 1-0

[Event "135th YMCA Winter B"]
[Site "Warszawa"]
[Date "2014.01.15"]
[Round "2"]
[White "Sujkowski, Pawel"]
[Black "Rozowski, Marcin"]
[Result "1/2-1/2"]
[WhiteElo "1975"]
[BlackElo "1894"]
[Annotator "Admin"]
[PlyCount "56"]
[EventDate "2014.01.08"]
[EventType "tourn"]
[EventRounds "1"]
[EventCountry "POL"]
[SourceDate "2014.01.08"]

1. e4 c6 2. d4 d5 3. exd5 cxd5 4. Bd3 Nc6 5. c3 Qc7 6. Ne2 e6 7. Bf4 Bd6 8.
Bxd6 Qxd6 9. Nd2 Nf6 10. O-O O-O 11. f4 b6 12. Ng3 a5 13. Qe2 Bb7 14. Rae1 Rfe8
15. Rf2 Qc7 16. h3 Qc8 17. Nh5 Nxh5 18. Qxh5 g6 19. Qh6 Qd8 20. Nf3 Qf6 21. Ne5
Nxe5 22. fxe5 Qg7 23. Qe3 Ba6 24. Bxa6 Rxa6 25. Qd3 Ra7 26. Qb5 Rb8 27. Re3 Qf8
28. h4 Qe8 $11 1/2-1/2

[Event "135th YMCA Winter B"]
[Site "Warszawa"]
[Date "2014.01.15"]
[Round "2"]
[White "Melchers, Damian"]
[Black "Rusin, Ryszard"]
[Result "1-0"]
[WhiteElo "1952"]
[BlackElo "1840"]
[PlyCount "64"]
[EventDate "2014.01.08"]
[EventType "tourn"]
[EventRounds "1"]
[EventCountry "POL"]
[SourceDate "2014.01.08"]

1. Nf3 d5 2. g3 Nf6 3. Bg2 c5 4. O-O Nc6 5. d3 e5 6. e4 d4 7. Nh4 Be7 8. f4 Ng4
9. Nf5 Bxf5 10. exf5 Ne3 11. Bxe3 dxe3 12. Bxc6+ bxc6 13. fxe5 Qd4 14. c3 Qxe5
15. Qe2 O-O 16. Na3 Bg5 17. Nc4 Qe7 18. Rae1 Rfe8 19. Rf3 Rad8 20. f6 gxf6 21.
h4 Bh6 22. Nxe3 Qd7 23. Rd1 Qe6 24. Re1 Qxa2 25. Qf1 Qxb2 26. Nf5 Bf8 27. c4
Qc3 28. Rfe3 Rxe3 29. Rxe3 Rb8 30. Qf3 Rb1+ 31. Kh2 Qc1 32. Qg4+ Kh8 1-0

[Event "135th YMCA Winter B"]
[Site "Warszawa"]
[Date "2014.01.28"]
[Round "2"]
[White "Safanowski, Tomasz"]
[Black "Pastuszko, Kinga"]
[Result "1/2-1/2"]
[WhiteElo "1928"]
[BlackElo "1887"]
[PlyCount "53"]
[EventDate "2014.01.08"]
[EventType "tourn"]
[EventRounds "1"]
[EventCountry "POL"]
[SourceDate "2014.01.08"]

1. f4 f5 2. Nf3 Nf6 3. b3 g6 4. Bb2 Bg7 5. e3 d6 6. d4 e6 7. Bd3 O-O 8. Nbd2 b6
9. Qe2 Bb7 10. O-O Qe7 11. c4 Ne4 12. a4 a5 13. Bxe4 fxe4 14. Ng5 d5 15. Qg4
Re8 16. cxd5 exd5 17. f5 Bc8 18. Ba3 c5 19. Rac1 Na6 20. Ne6 Bxe6 21. fxe6 Rac8
22. dxc5 Nxc5 23. Rf7 Qxe6 24. Qxe6 Rxe6 25. Rd7 Nxd7 26. Rxc8+ Kf7 27. Rc7
1/2-1/2

[Event "135th YMCA Winter B"]
[Site "Warszawa"]
[Date "2014.01.15"]
[Round "2"]
[White "Barc, Michal"]
[Black "Kosny, Marek"]
[Result "1/2-1/2"]
[WhiteElo "1849"]
[BlackElo "1964"]
[PlyCount "57"]
[EventDate "2014.01.08"]
[EventType "tourn"]
[EventRounds "1"]
[EventCountry "POL"]
[SourceDate "2014.01.08"]

1. d4 Nf6 2. c4 e6 3. Nc3 d5 4. Nf3 Be7 5. e3 O-O 6. Bd3 Nbd7 7. O-O a6 8. Re1
dxc4 9. Bxc4 b5 10. Bd3 Bb7 11. e4 c5 12. d5 exd5 13. e5 Ne8 14. Nxd5 Bxd5 15.
Bxh7+ Kxh7 16. Qxd5 g6 17. Qe4 Ng7 18. Qf4 Ne6 19. Qh6+ Kg8 20. h4 Re8 21. g4
Bf8 22. Qe3 Bg7 23. h5 Nd4 24. hxg6 fxg6 25. Nxd4 cxd4 26. Qb3+ Kf8 27. Qf3+
Kg8 28. Qd5+ Kh7 29. Qh1+ 1/2-1/2

[Event "135th YMCA Winter B"]
[Site "Warszawa"]
[Date "2014.01.14"]
[Round "2"]
[White "Praczukowski, Stanislaw"]
[Black "Gajewski, Dariusz"]
[Result "1-0"]
[WhiteElo "1902"]
[BlackElo "1986"]
[PlyCount "40"]
[EventDate "2014.01.08"]
[EventType "tourn"]
[EventRounds "1"]
[EventCountry "POL"]
[SourceDate "2014.01.08"]

1. d4 Nf6 2. Nf3 c5 3. d5 d6 4. c4 b5 5. cxb5 a6 6. e3 g6 7. Nc3 Bg7 8. Be2 O-O
9. O-O axb5 10. Bxb5 Ba6 11. a4 Bxb5 12. Nxb5 Nbd7 13. Re1 Nb6 14. e4 Nfd7 15.
Qc2 Qb8 16. Nc3 h6 17. b3 Rc8 18. Bb2 Ne5 19. Nxe5 Bxe5 20. Reb1 Nd7 1-0

[Event "135th YMCA Winter B"]
[Site "Warszawa"]
[Date "2014.02.06"]
[Round "2"]
[White "Maj, Pawel"]
[Black "Gluszko, Monika"]
[Result "1/2-1/2"]
[WhiteElo "1918"]
[BlackElo "1900"]
[Annotator "Admin"]
[PlyCount "69"]
[EventDate "2014.01.08"]
[EventType "tourn"]
[EventRounds "1"]
[EventCountry "POL"]
[SourceDate "2014.01.08"]

1. c4 Nf6 2. Nc3 d5 3. cxd5 Nxd5 4. g3 g6 5. Bg2 Nb6 6. d3 Bg7 7. Be3 O-O 8. a3
e5 9. Rc1 Re8 10. Nf3 Nc6 11. O-O h6 12. Nd2 f5 13. Nb3 Nd4 14. Nc5 c6 15. b4
f4 16. Bxd4 exd4 17. N3e4 Nd5 18. Qd2 a5 19. Kh1 Nc3 20. Nxc3 dxc3 21. Qxf4
Rxe2 22. Qc4+ Kh7 23. d4 Qe7 24. Qxc3 axb4 25. axb4 Raa2 26. Rce1 Bg4 27. Nd3
Qf6 28. Ne5 Rxe1 29. Qxe1 Be2 30. Qb1 Qe6 31. Nxg6 Qxg6 32. Be4 Bf3+ 33. Bxf3
Qxb1 34. Rxb1 Bxd4 35. Be4+ $11 1/2-1/2

[Event "135th YMCA Winter B"]
[Site "Warszawa"]
[Date "2014.01.22"]
[Round "3"]
[White "Gajewski, Dariusz"]
[Black "Maj, Pawel"]
[Result "1/2-1/2"]
[WhiteElo "1986"]
[BlackElo "1918"]
[PlyCount "66"]
[EventDate "2014.01.08"]
[EventType "tourn"]
[EventRounds "1"]
[EventCountry "POL"]
[SourceDate "2014.01.08"]

1. e4 c5 2. Nf3 d6 3. d4 cxd4 4. Nxd4 Nf6 5. Nc3 a6 6. Bg5 e6 7. f4 Be7 8. Qf3
Nbd7 9. O-O-O h6 10. Bh4 Qc7 11. g4 g5 12. fxg5 Ne5 13. Qg3 Nfxg4 14. g6 fxg6
15. Bxe7 Qxe7 16. Be2 Qg5+ 17. Kb1 Qe3 18. Rd3 Qxg3 19. Rxg3 h5 20. h3 Nf6 21.
Rf1 Ke7 22. Nf3 Nxf3 23. Rgxf3 Rf8 24. e5 dxe5 25. Bd3 Bd7 26. Bxg6 Bc6 27.
R3f2 h4 28. b3 Be8 29. Bxe8 Raxe8 30. Re1 Rc8 31. Re3 Rc6 32. Rfe2 Rg8 33. Kb2
Nh5 1/2-1/2

[Event "135th YMCA Winter B"]
[Site "Warszawa"]
[Date "2014.01.21"]
[Round "3"]
[White "Kosny, Marek"]
[Black "Praczukowski, Stanislaw"]
[Result "1/2-1/2"]
[WhiteElo "1964"]
[BlackElo "1902"]
[PlyCount "46"]
[EventDate "2014.01.08"]
[EventType "tourn"]
[EventRounds "1"]
[EventCountry "POL"]
[SourceDate "2014.01.08"]

1. Nf3 Nf6 2. c4 g6 3. Nc3 Bg7 4. g3 O-O 5. Bg2 d6 6. O-O Nc6 7. d4 a6 8. h3
Bd7 9. Bg5 h6 10. Be3 Rb8 11. Qd2 Kh7 12. Rac1 b5 13. d5 b4 14. dxc6 bxc3 15.
bxc3 Be6 16. c5 Ne4 17. Qd3 Nxc5 18. Bxc5 dxc5 19. Qxa6 Ra8 20. Qb5 Rxa2 21.
Qxc5 Rxe2 22. Rfe1 Rxe1+ 23. Rxe1 Qd6 1/2-1/2

[Event "135th YMCA Winter B"]
[Site "Warszawa"]
[Date "2014.01.30"]
[Round "3"]
[White "Pastuszko, Kinga"]
[Black "Barc, Michal"]
[Result "0-1"]
[WhiteElo "1887"]
[BlackElo "1849"]
[PlyCount "52"]
[EventDate "2014.01.08"]
[EventType "tourn"]
[EventRounds "1"]
[EventCountry "POL"]
[SourceDate "2014.01.08"]

1. e4 d6 2. d4 Nf6 3. Nc3 c6 4. f4 Qa5 5. Bd2 e5 6. Nf3 exd4 7. Nxd4 Qb6 8. Nb3
a5 9. a4 Be6 10. Nc1 Na6 11. Nd3 Nb4 12. Be2 Be7 13. Qc1 O-O 14. Be3 Nxc2+ 15.
Qxc2 Qxe3 16. Qd2 Qb6 17. f5 Bc4 18. g4 Bxd3 19. Qxd3 d5 20. exd5 Nxd5 21. Nxd5
Bh4+ 22. Kd1 cxd5 23. Qb5 Qd4+ 24. Qd3 Qxb2 25. Rb1 Qe5 26. Rxb7 Rab8 0-1

[Event "135th YMCA Winter B"]
[Site "Warszawa"]
[Date "2014.01.22"]
[Round "3"]
[White "Rusin, Ryszard"]
[Black "Safanowski, Tomasz"]
[Result "1/2-1/2"]
[WhiteElo "1840"]
[BlackElo "1928"]
[Annotator "Admin"]
[PlyCount "144"]
[EventDate "2014.01.08"]
[EventType "tourn"]
[EventRounds "1"]
[EventCountry "POL"]
[SourceDate "2014.01.08"]

1. d4 d5 2. c4 c6 3. cxd5 cxd5 4. Nc3 e6 5. Bf4 Bd7 6. e3 Qb6 7. Qd2 Nc6 8. Nf3
Rc8 9. Be2 Nf6 10. O-O Bb4 11. Bd3 Nh5 12. Bg5 h6 13. Bh4 f5 14. g4 fxg4 15.
Bg6+ Kf8 16. Ne5 Nxe5 17. dxe5 Be8 18. Bxe8 Bxc3 19. bxc3 Kxe8 20. Qd3 Qc7 21.
Rab1 g5 22. Bg3 Qh7 23. Qd4 b6 24. Qxg4 Qf7 25. Qa4+ Qd7 26. Qc2 Ng7 27. Rfd1
Rc4 28. Rb4 Rxb4 29. cxb4 Nf5 30. e4 Ne7 31. exd5 Nxd5 32. b5 Kf7 33. Qd3 Kg7
34. f4 gxf4 35. Bxf4 Rg8 36. Kh1 Kh8 37. Bg3 Qb7 38. Qf3 Qg7 39. Rf1 Qg4 40.
Qd3 h5 41. Rf7 Rg6 42. Rf8+ Kg7 43. Qf1 Qe4+ 44. Qf3 Qxf3+ 45. Rxf3 Rg4 46. Ra3
Kg6 47. h3 $11 Rb4 48. Rxa7 h4 49. Bf2 Kf5 50. Rh7 Rxb5 51. Rxh4 Rb1+ 52. Kg2
Rb2 53. Ra4 Kxe5 54. Kf3 Kf5 55. h4 b5 56. Bd4 Rd2 57. Be3 Rd3 58. Re4 e5 59.
h5 Ra3 60. h6 Nf6 61. Rb4 e4+ 62. Ke2 Rxa2+ 63. Bd2 e3 64. Rxb5+ Kg6 65. Kxe3
Kxh6 66. Kd3+ Kg6 67. Rb6 Kf5 68. Bc3 Nd5 69. Rb5 Ke6 70. Kc4 Rc2 71. Rxd5
Rxc3+ 72. Kxc3 Kxd5 1/2-1/2

[Event "135th YMCA Winter B"]
[Site "Warszawa"]
[Date "2014.01.22"]
[Round "3"]
[White "Rozowski, Marcin"]
[Black "Melchers, Damian"]
[Result "1/2-1/2"]
[WhiteElo "1894"]
[BlackElo "1952"]
[Annotator "Admin"]
[PlyCount "43"]
[EventDate "2014.01.08"]
[EventType "tourn"]
[EventRounds "1"]
[EventCountry "POL"]
[SourceDate "2014.01.08"]

1. e4 c5 2. c3 d5 3. exd5 Qxd5 4. d4 Nc6 5. dxc5 Qxc5 6. Na3 Nf6 7. Be3 Qa5 8.
Nc4 Qc7 9. Qa4 e6 10. Nf3 Be7 11. Nb6 Rb8 12. Nxc8 Rxc8 13. Bb5 a6 14. Be2 O-O
15. O-O Rfd8 16. Rfd1 Nd5 17. Qe4 Nxe3 18. Qxe3 Bf6 19. Rxd8+ Rxd8 20. Rd1
Rxd1+ 21. Bxd1 Qd6 22. Nd2 $11 1/2-1/2

[Event "135th YMCA Winter B"]
[Site "Warszawa"]
[Date "2014.01.22"]
[Round "3"]
[White "Sawicki, Wojciech"]
[Black "Sujkowski, Pawel"]
[Result "0-1"]
[WhiteElo "1850"]
[BlackElo "1975"]
[PlyCount "66"]
[EventDate "2014.01.08"]
[EventType "tourn"]
[EventRounds "1"]
[EventCountry "POL"]
[SourceDate "2014.01.08"]

1. e4 c5 2. d4 cxd4 3. c3 dxc3 4. Nxc3 Nc6 5. Nf3 d6 6. Bc4 a6 7. O-O Nf6 8.
Bf4 e6 9. Qe2 Be7 10. Rfd1 Qc7 11. Rac1 O-O 12. Bb3 Qb8 13. Na4 Nd7 14. Rd2 Na5
15. Qd1 b5 16. Rxd6 Nxb3 17. axb3 bxa4 18. Rxd7 Qxf4 19. Rxe7 axb3 20. e5 a5
21. Rc3 a4 22. g3 Qb4 23. Rcc7 h6 24. Qd6 Qe4 25. Rc3 Qb1+ 26. Kg2 Qxb2 27. Qd3
Ba6 28. Qe3 Qa1 29. Nd2 Rad8 30. Ra7 Rxd2 31. Rxa6 Rd1 32. Rxb3 Rg1+ 33. Kh3
Qf1+ 0-1

[Event "135th YMCA Winter B"]
[Site "Warszawa"]
[Date "2014.01.29"]
[Round "4"]
[White "Grabowicz, Marcin"]
[Black "Sujkowski, Pawel"]
[Result "1/2-1/2"]
[WhiteElo "1872"]
[BlackElo "1975"]
[Annotator "Admin"]
[PlyCount "46"]
[EventDate "2014.01.08"]
[EventType "tourn"]
[EventRounds "1"]
[EventCountry "POL"]
[SourceDate "2014.01.08"]

1. e4 c5 2. Nf3 Nc6 3. d4 cxd4 4. c3 dxc3 5. Bc4 d6 6. O-O Nf6 7. Nxc3 a6 8. h3
e6 9. Qe2 Be7 10. Rd1 Qc7 11. Bf4 Ne5 12. Bb3 b5 13. Rac1 Qb8 14. Nd4 Bd7 15.
Bg5 h6 16. Bh4 O-O 17. f4 $11 Ng6 18. Bg3 Rc8 19. f5 exf5 20. Nxf5 Bxf5 21.
exf5 Ne5 22. Nd5 Nxd5 23. Rxc8+ Qxc8 $11 1/2-1/2

[Event "135th YMCA Winter B"]
[Site "Warszawa"]
[Date "2014.01.08"]
[Round "4"]
[White "Melchers, Damian"]
[Black "Sawicki, Wojciech"]
[Result "1-0"]
[WhiteElo "1952"]
[BlackElo "1850"]
[PlyCount "39"]
[EventDate "2014.01.08"]
[EventType "tourn"]
[EventRounds "1"]
[EventCountry "POL"]
[SourceDate "2014.01.08"]

1. e4 e5 2. Nf3 Nc6 3. Bb5 a6 4. Ba4 Nf6 5. O-O Be7 6. Re1 b5 7. Bb3 O-O 8. h3
Bb7 9. c3 d5 10. exd5 Nxd5 11. d3 Bf6 12. Nbd2 Nf4 13. Ne4 Nxd3 14. Nxf6+ gxf6
15. Bh6 Nxe1 16. Qxe1 Qd3 17. Nh4 Ne7 18. f3 Qd6 19. Qg3+ Ng6 20. Nxg6 1-0

[Event "135th YMCA Winter B"]
[Site "Warszawa"]
[Date "2014.01.29"]
[Round "4"]
[White "Safanowski, Tomasz"]
[Black "Rozowski, Marcin"]
[Result "1/2-1/2"]
[WhiteElo "1928"]
[BlackElo "1894"]
[Annotator "Admin"]
[PlyCount "62"]
[EventDate "2014.01.08"]
[EventType "tourn"]
[EventRounds "1"]
[EventCountry "POL"]
[SourceDate "2014.01.08"]

1. d4 d5 2. Nf3 Nf6 3. c4 c6 4. g3 Bf5 5. Bg2 e6 6. Nc3 Nbd7 7. O-O Be7 8. Bf4
O-O 9. Nh4 Bg4 10. h3 Bh5 11. g4 Bg6 12. c5 b5 13. Nxg6 hxg6 14. Qd3 e5 15.
dxe5 Nxc5 16. exf6 Nxd3 17. fxe7 Qxe7 18. exd3 Qb4 19. Be3 Rfe8 20. Ne2 Qxb2
21. Nd4 Rac8 22. a3 a6 23. Rfb1 Qc3 24. Rc1 Qxd3 25. Nxc6 Kh7 26. Rd1 Rxe3 27.
Rxd3 Rxd3 28. Nb4 Rd2 29. Nxd5 Rcc2 30. Nb4 Rb2 31. Nxa6 Rxf2 $11 1/2-1/2

[Event "135th YMCA Winter B"]
[Site "Warszawa"]
[Date "2014.01.31"]
[Round "4"]
[White "Praczukowski, Stanislaw"]
[Black "Pastuszko, Kinga"]
[Result "1/2-1/2"]
[WhiteElo "1902"]
[BlackElo "1887"]
[Annotator "Admin"]
[PlyCount "45"]
[EventDate "2014.01.08"]
[EventType "tourn"]
[EventRounds "1"]
[EventCountry "POL"]
[SourceDate "2014.01.08"]

1. d4 f5 2. g3 Nf6 3. Bg2 g6 4. Nh3 Bg7 5. Nf4 d6 6. Nc3 e5 7. dxe5 dxe5 8.
Qxd8+ Kxd8 9. Nfd5 Nxd5 10. Nxd5 c6 11. Bg5+ Kd7 12. Nc3 h6 13. O-O-O+ Ke6 14.
Be3 Na6 15. Na4 Bd7 16. Nc5+ Nxc5 17. Bxc5 Bf8 18. Be3 Be7 19. f4 e4 20. Bd4
Rhd8 21. g4 Be8 22. c4 c5 23. Bg7 $11 1/2-1/2

[Event "135th YMCA Winter B"]
[Site "Warszawa"]
[Date "2014.01.29"]
[Round "4"]
[White "Maj, Pawel"]
[Black "Kosny, Marek"]
[Result "1-0"]
[WhiteElo "1918"]
[BlackElo "1964"]
[PlyCount "93"]
[EventDate "2014.01.08"]
[EventType "tourn"]
[EventRounds "1"]
[EventCountry "POL"]
[SourceDate "2014.01.08"]

1. e4 Nf6 2. e5 Nd5 3. d4 d6 4. Nf3 Bg4 5. Be2 e6 6. h3 Bxf3 7. Bxf3 c6 8. O-O
dxe5 9. dxe5 Be7 10. Qe2 O-O 11. c4 Nb6 12. b3 Qc7 13. Bb2 N8d7 14. Nd2 Rfd8
15. Be4 Nf8 16. Rad1 Ng6 17. Bb1 Nd7 18. f4 a5 19. Qh5 Nc5 20. f5 exf5 21. Qxf5
Bf8 22. Nf3 Rxd1 23. Rxd1 Rd8 24. Rxd8 Qxd8 25. Ng5 Qd7 26. Qxd7 Nxd7 27. e6
fxe6 28. Nxe6 Kf7 29. Nd8+ Ke8 30. Nxb7 a4 31. bxa4 Nge5 32. c5 Nxc5 33. Bxe5
Nxb7 34. Bxh7 Kf7 35. Be4 Ke6 36. Bc3 Kd7 37. Kf2 Nc5 38. Bc2 Kd6 39. Kf3 Nd7
40. h4 Kc5 41. Bb3 Kb6 42. g4 Nc5 43. h5 Na6 44. Ke4 Kc5 45. Kf5 Nb4 46. Kg6
Nd5 47. Bxg7 1-0

[Event "135th YMCA Winter B"]
[Site "Warszawa"]
[Date "2014.01.29"]
[Round "4"]
[White "Gluszko, Monika"]
[Black "Gajewski, Dariusz"]
[Result "1-0"]
[WhiteElo "1900"]
[BlackElo "1986"]
[PlyCount "97"]
[EventDate "2014.01.08"]
[EventType "tourn"]
[EventRounds "1"]
[EventCountry "POL"]
[SourceDate "2014.01.08"]

1. e4 e5 2. Nf3 Nc6 3. Bc4 d6 4. c3 h6 5. d4 exd4 6. cxd4 Nf6 7. Qb3 Qd7 8. Bd2
g6 9. O-O Bg7 10. e5 Nh5 11. Re1 dxe5 12. Nxe5 Bxe5 13. d5 Ne7 14. Rxe5 O-O 15.
Bb4 Re8 16. Qe3 Qg4 17. Rxe7 Bd7 18. Nd2 b5 19. h3 Qh4 20. g3 Qxh3 21. Bf1 Qg4
22. Qf3 Qxf3 23. Nxf3 Rxe7 24. Bxe7 Re8 25. Bc5 Nf6 26. Rd1 a5 27. d6 Ne4 28.
dxc7 Nxc5 29. Rd5 Ne6 30. Rxd7 Rc8 31. Bxb5 Rxc7 32. Rxc7 Nxc7 33. Bc4 Kg7 34.
Ne5 f6 35. Nc6 a4 36. b4 axb3 37. axb3 Kf8 38. b4 Ke8 39. b5 Na8 40. Kg2 Kd7
41. Kf3 Kd6 42. Ke4 f5+ 43. Kf4 Kc5 44. Bd3 Nb6 45. Ne7 Kd4 46. Be2 Kc3 47.
Nxg6 Kd2 48. Kf3 Nd7 49. Bc4 1-0

[Event "135th YMCA Winter B"]
[Site "Warszawa"]
[Date "2014.02.05"]
[Round "5"]
[White "Gajewski, Dariusz"]
[Black "Grabowicz, Marcin"]
[Result "1-0"]
[WhiteElo "1986"]
[BlackElo "1872"]
[Annotator "Admin"]
[PlyCount "91"]
[EventDate "2014.01.08"]
[EventType "tourn"]
[EventRounds "1"]
[EventCountry "POL"]
[SourceDate "2014.01.08"]

1. e4 d5 2. exd5 Qxd5 3. Nc3 Qa5 4. Nf3 Nf6 5. d4 Bf5 6. Bd3 Bg4 7. h3 Bh5 8.
O-O e6 9. d5 Nbd7 10. dxe6 fxe6 11. Qe2 O-O-O 12. a3 Bxf3 13. Qxf3 Ne5 14. Qe2
Nxd3 15. Qxe6+ Kb8 16. cxd3 Rxd3 17. Bf4 Bd6 18. Qc4 Qf5 $11 19. Bxd6 Rxd6 20.
Rad1 Qe6 21. Qxe6 Rxe6 22. Rfe1 Rxe1+ 23. Rxe1 Re8 24. Rxe8+ Nxe8 $11 25. g4
Kc8 26. f4 Kd7 27. Kf2 Nd6 28. b3 c5 29. Ke3 Kc6 30. h4 b5 31. f5 h5 32. f6
hxg4 33. fxg7 Nf5+ 34. Kf4 Nxg7 35. Kxg4 b4 36. axb4 cxb4 37. Na4 Kd5 38. h5
Nxh5 39. Kxh5 Kd4 40. Kg5 Kd3 41. Kf5 Kc2 42. Nc5 Kb2 43. Ke5 a5 44. Kd4 Ka2
45. Kc4 Ka3 46. Kb5 1-0